Words Derived from Myth Quiz Stats

 Plays Quiz Updated Aug 7, 2016

Also try: Myths & Legends
Challenge
Share
Tweet
Embed
Score 0/18 Timer 06:00
4 Plays Today
Definition Word % Correct
A book of mapsAtlas
83.7%
Requiring great strength Herculean
76.4%
A device which makes a loud, prolonged sound as a warningSiren
76.1%
A breakfast food made from grain, usually eaten with milkCereal
72.9%
A building which exhibits objects of interestMuseum
69.2%
Sounds caused by sound waves reflecting back to the listenerEcho
69%
A food or drink which stimulates sexual desireAphrodisiac
66.8%
Complete disorder and confusionChaos
66.4%
A long or adventurous journeyOdyssey
64.8%
Definition Word % Correct
Excessive interest in oneself or one's appearanceNarcissism
64.7%
The science that deals with the earth's physical structureGeology
58.8%
Of exceptional size or powerTitanic
57.1%
A drug obtained from opium and used to relieve painMorphine
49%
An annoying womanHarpy
43.9%
A sudden fear or anxietyPanic
40%
Related to war; war-likeMartial
33.3%
Cheerful and friendlyJovial
30.4%
To torment or tease with something unattainableTantalize
18.4%

You're not logged in!

Compare scores with friends on all Sporcle quizzes.
Join for Free
OR
Log In

You Might Also Like...

Show Comments

Extras

Top Quizzes Today


Score Distribution

Your Account Isn't Verified!

In order to create a playlist on Sporcle, you need to verify the email address you used during registration. Go to your Sporcle Settings to finish the process.

Report this User

Report this user for behavior that violates our Community Guidelines.

Details: